1193 1516 1279 1772 1514 1811 1499 1050 1601 1427 1844 1949 1112 1761 1352 1683 1423 1457 1701 1238 1260 1881 1442 1444 1322 1467 1871 1612 1074 1220 1536 1973 1102 1663 1659 1017 1951 1678 1828 1434 1993 1315 1317 1848 1300 1819 1972 1796 1221 1877 1359 1799 1792 1702 1599 1770 1037 1456 1012 1747 1371 1148 1356 1415 1402 1458 1185 1070 1735 1597 1908 1926 1451 1301 1685 1777 1613 1398 1869 1547 1106 1030 1262 1268 1873 1330 1230 1727 1638 1146 1075 1379 1848 1657 1592 1987 1208 1990 1118 BCNSPRNW ULIB Ver.6.0+V

เปลี่ยนเป็นภาษาไทย

Change to English
 แสดงรายละเอียดบรรณานุกรม
  กลับหน้าหลัก

Brief Record : Get Marc (ISO 2709) : E-mail record : QR code < ปิดหน้าต่าง
LEADER : 00000nam 2200000uu 4500
001    13399126135
003     ULIB
008    180612s2007||||th 000 0 tha d
020    ^a9780521544627
050 00 ^aPE1128^bC172^cV.4
245 10 ^aCambridge practice tests for IELTS 4
260    ^aCambridge :^bCambridge University Press,^c2007
300    ^a176 p.:^bill. ;^c25 cm.
650 00 ^aInternational English Language Testing System.
650 00 ^aEnglish language^xExaminations, questions, etc.
650 00 ^aEnglish language^xTextbooks for foreign speakers
945    ^p530^l0^i004231
999    ^aวรรณษา ชูชัยมงคล
รายการนี้ยังไม่มีแท็ก
คุณยังไม่ได้ล็อกอิน คุณสามารถมีกิจกรรมร่วมกับเว็บไซต์ได้ แต่ต้องล็อกอินก่อน ::
  ล็อกอิน

รายการสื่อสารสนเทศ

ลำดับที่ ประเภท เลขเรียก/บาร์โค้ด สถานที่ สถานะ
1. วิทยาศาสตร์การแพทย์ และสุขภาพ
หนังสือสำรอง
สถานะ=หนังสือสำรอง
PE1128 C172 V.4 ฉ.1 
  Barcode: 004231
ห้องสมุดวิทยาเขตสวรรค์ประชารักษ์
►หนังสือทั่วไป
บนชั้น

รายการใกล้เคียง
    ชื่อเรื่อง [Cambridge practice tests for IELTS 4]

    หัวเรื่อง [International English Language Testing System.]

BibComment


ยังไม่เคยถูกคอมเมนท์

คอมเมนท์ทรัพยากรรายการนี้
  คอมเมนท์: Cambridge practi..


 Copyright 2026. Bcnsprnw @Library